How to Draw Manga: Next Generation #10 /

This ain't your daddy's How to Draw Manga. Antarctic Press is proud to present the next evolution in our best-selling How to Draw series, How to Draw Manga: Next Generation! How to Draw Manga: Next Generation features exclusively created art, step-by-step guides, designs, and comments from...

Full description

Bibliographic Details
Corporate Author: Library Pass, LLC
Other Authors: Acosta, Robert (writer.)
Format: eBook
Language:English
Published: [United States] : Antarctic Press, 2011.
Subjects:
Online Access:Connect to this electronic book (First time users create your free account)

MARC

Tag First Indicator Second Indicator Subfields
LEADER 00000nmm a22000001a 4500
001 in00004630749
006 m|||||o||m||||||||
007 cr|cn |||uuuuu
008 221118s2011 xxu||||eo|||| ||||||eng d
005 20221207222353.4
035 |a (TxWaIVM)IV7267AnHo 
040 |a TxWaIVM  |c TxWaIVM 
245 0 0 |a How to Draw Manga: Next Generation #10 /  |c powered by Library Pass. 
260 3 |a [United States] :  |b Antarctic Press,  |c 2011. 
300 |a 1 online resource. 
336 |a text  |b txt  |2 rdacontent 
337 |a computer  |b c  |2 rdamedia 
338 |a online resource  |b cr  |2 rdacarrier 
520 |a This ain't your daddy's How to Draw Manga. Antarctic Press is proud to present the next evolution in our best-selling How to Draw series, How to Draw Manga: Next Generation! How to Draw Manga: Next Generation features exclusively created art, step-by-step guides, designs, and comments from the hottest pros of manga today! 
521 |a 4 
538 |a Requires a valid library card and registration for new users. 
538 |a Mode of access: World Wide Web. 
538 |a System requirements: Flash 10.1 or higher, Windows XP and higher, Internet Explorer 7 and higher, Firefox 3.6 and higher, Google Chrome; Max OS 10.5 and higher, Safari 4 and higher. 
650 0 |a Comic books, strips, etc. --Education 
655 7 |a Electronic books.  |2 local 
655 7 |a Comic books, strips, etc. --Education  |2 gsafd 
650 0 |a Comic books, strips, etc. 
655 7 |a Comic books, strips, etc.  |2 gsafd 
650 0 |a Doujinshi (deactivated) 
655 7 |a Doujinshi (deactivated)  |2 gsafd 
650 0 |a Gakushū 
655 7 |a Gakushū  |2 gsafd 
650 0 |a Techniques 
655 7 |a Techniques  |2 gsafd 
650 0 |a S.T.E.M./S.T.E.A.M. 
655 7 |a S.T.E.M./S.T.E.A.M.  |2 gsafd 
700 1 |a Acosta, Robert.  |e writer. 
700 1 |a Hutchison, David.  |e artist. 
700 1 |a Perry , Fred.  |e artist. 
710 2 |a Library Pass, LLC. 
856 4 0 |u http://proxy.library.tamu.edu/login?url=https://tamu.librarypass.com/product/com.iversecomics.antarctic.press.how.to.draw.manga.next.generation.ten.10062011  |z Connect to this electronic book (First time users create your free account)  |t 0 
955 |a Comics Plus. 
999 f f |s 3d4704de-1412-42e4-89ce-a9f129b4f3c7  |i f806db13-be85-4d53-8c6c-489250e3e7b0  |t 0 
952 f f |a Texas A&M University  |b College Station  |c Electronic Resources  |d Available Online  |t 0  |h Library of Congress classification 
998 f f |t 0  |l Available Online